Tell technology for everyday life.

Bibliographic Details
Previous Title:E-gear
Format: Electronic Journal
Language:English
Published: Philadelphia, PA : North American Publishing Company, [2012]-
Subjects:
Online Access:Full text available from Research Library: 2012 to 02/28/2014

MARC

LEADER 00000nas a22000007i 4500
001 ssj0001054031
003 WaSeSS
005 20200512172242.0
006 m d
007 cr n
008 111230c20129999paubr pss | a0eng
010 |a  2011273766 
022 |a 2165-2961  |y 2165-2953 
035 |a (WaSeSS)ssj0001054031 
037 |b North American Publishing Company, 1500 Spring Garden St., 12th Floor, Philadelphia, PA 19130-4094 
040 |a DLC  |b eng  |c DLC  |d DLC  |d OCLCQ  |d NZAUC  |d OCLCO  |d OCLCF  |d CUS  |d OCLCQ  |d NTG  |d OCL  |d WaSeSS 
042 |a pcc  |a nsdp 
082 1 0 |a 621  |2 14 
210 0 |a Tell  |b (Phila. Pa., Online) 
222 0 |a Tell  |b (Philadelphia, Pa. Online) 
245 0 0 |a Tell  |h [electronic resource] :  |b technology for everyday life. 
260 |a Philadelphia, PA :  |b North American Publishing Company,  |c [2012]- 
310 |a Bimonthly 
362 1 |a Began in 2012. 
506 |a License restrictions may limit access. 
588 |a Description based on print version record. 
650 0 |a Technology. 
650 7 |a Technology.  |2 fast  |0 (OCoLC)fst01145078 
655 0 |a Electronic journals. 
776 0 8 |i Print version as:  |t Tell (Philadelphia, Pa. Print)  |x 2165-2953  |w (DLC) 2011273767  |w (OCoLC)769814079 
780 0 0 |t E-gear  |w (OCoLC)190845407 
856 4 0 |z Full text available from Research Library: 2012 to 02/28/2014  |u https://search.proquest.com/publication/39824